The political economy of regional cooperation in the Middle East /

Bibliographic Details
Main Authors: Carkoglu, Ali, 1963- (Author), Eder, Mine, 1965- (Author), Kirisci, Kemal, 1954- (Author)
Format: eBook
Language:English
Published: London : Routledge, 2005.
Series:Routledge advances in international relations and politics ; 3.
Subjects:
Online Access:Click to View
LEADER 01955nam a2200481 i 4500
001 EBC237324
003 MiAaPQ
005 20200520144314.0
006 m o d |
007 cr cnu||||||||
008 161205t20051998enka ob 001 0 eng d
020 |z 9780415194457 
020 |a 9780203982495  |q (electronic bk.) 
035 |a (MiAaPQ)EBC237324 
035 |a (Au-PeEL)EBL237324 
035 |a (CaPaEBR)ebr2004200 
035 |a (CaONFJC)MIL14380 
035 |a (OCoLC)437150914 
040 |a MiAaPQ  |b eng  |e rda  |e pn  |c MiAaPQ  |d MiAaPQ 
050 4 |a HC415.15  |b .C37 1998 
082 0 |a 337.56  |2 21 
100 1 |a Carkoglu, Ali,   |d 1963-  |e author. 
245 1 4 |a The political economy of regional cooperation in the Middle East /  |c Ali Carko lu, Mine Eder and Kemal Kiri ci. 
264 1 |a London :  |b Routledge,  |c 2005. 
264 4 |c 1998 
300 |a 1 online resource (x, 267 pages) :  |b illustrations. 
336 |a text  |2 rdacontent 
337 |a computer  |2 rdamedia 
338 |a online resource  |2 rdacarrier 
490 1 |a Routledge advances in international relations and politics ;  |v 3 
504 |a Includes bibliographical references and index. 
588 |a Description based on online resource; title from PDF title page (EBL, viewed December 5, 2016). 
590 |a Electronic reproduction. Ann Arbor, MI : ProQuest, 2016. Available via World Wide Web. Access may be limited to ProQuest affiliated libraries. 
650 0 |a Arab cooperation. 
651 0 |a Middle East   |x Economic integration. 
651 0 |a Middle East   |x Economic conditions   |y 1979- 
651 0 |a Middle East   |x Foreign economic relations. 
655 4 |a Electronic books. 
700 1 |a Eder, Mine,   |d 1965-  |e author. 
700 1 |a Kirisci, Kemal,   |d 1954-  |e author. 
797 2 |a ProQuest (Firm) 
830 0 |a Routledge advances in international relations and politics ;  |v 3. 
856 4 0 |u https://ebookcentral.proquest.com/lib/matrademy/detail.action?docID=237324  |z Click to View